000 00764nam a22002297a 4500
003 OSt
005 20250830022804.0
008 250830b |||||||| |||| 00| 0 eng d
020 _a978-1-4051-5519-9.
040 _aDWCL-Admin lib
_cOC
082 _aCirc. 610.734 P976 2008
100 _aColes, Lesley
245 _aPublic health skills : a practical guide for nurses and public health practitioners/
_cLesley Coles
260 _aUK :
_bBlackwell Pub. Ltd.,
_cc2008.
300 _axviii, 285 p. :
_bill. ;
_c24 cm.
504 _aIncludes bibliographical references and index.
650 _a1. Public health nursing.
650 _a2. Public health personnel.
650 _a3. Public health.
700 _aPorfer, Elizabeth
942 _2ddc
_cBK-CIRC
_kCirc.
_n0
999 _c4397
_d4397